Energetická bezpečnosť krajín V4 bakalárska práca

Guardado en:
Detalles Bibliográficos
Autor principal: Mikulec, Tomáš
Autor Corporativo: Fakulta medzinárodných vzťahov EU. Katedra medzinárodných ekonomických vzťahov a hospodárskej diplomacie
Otros Autores: Bocora, Ján
Formato: Libro
Lenguaje:eslovaco
Publicado: Bratislava 2013
Etiquetas: Agregar Etiqueta
Sin Etiquetas, Sea el primero en etiquetar este registro!

MARC

LEADER 00000nbm a2200000 4500
001 0242065
005 20180417102041.1
041 0 |a slo 
044 |a SK 
245 1 0 |a Energetická bezpečnosť krajín V4  |b bakalárska práca  |c Tomáš Mikulec ; školiteľ: Ján Bocora 
264 1 |a Bratislava  |c 2013 
300 |a 45 s. 
100 1 |a Mikulec, Tomáš 
700 1 |a Bocora, Ján 
710 2 |a Fakulta medzinárodných vzťahov EU. Katedra medzinárodných ekonomických vzťahov a hospodárskej diplomacie